00519nam a2200193 a 4500001001300000003000900013005001700022008004100039020002300080082001600103100002100119245002900140260004000169300000900209500003500218505002400253650002700277700002100304nice12345678IN_TiNIC20260116014702.0100119s2010 newa grp 000 0 eng  a9789380096735c80000a305.4bBHA2 aBhandari, Ramesh aWomen Rights and Welfare aNew Delhi bAlfa Publication c2010 a280p aincludes index and biblioraphy2 aBibliography, Index aWomen and Human Rights1 aBhandari, Ramesh